mysqli: Table './ulib62015/stat_globaluid' is marked as crashed and should be repaired
select id from stat_globaluid where statuid='20260517235438_3821'
mysqli: Table './ulib62015/stat_globaluid' is marked as crashed and should be repaired
DELETE FROM stat_globaluid
WHERE id NOT IN (
SELECT id
FROM (
SELECT id
FROM stat_globaluid
ORDER BY id DESC
LIMIT 100
) foo
);
mysqli: Table './ulib62015/stat_globaluid' is marked as crashed and should be repaired
insert into stat_globaluid set
statuid='20260517235438_3821',
dt='1779036878',
phpself='/ULIB62015/dublinfull.php',
agent='Mozilla/5.0 AppleWebKit/537.36 (KHTML, like Gecko; compatible; ClaudeBot/1.0; +claudebot@anthropic.com)',
yea='2026',
mon='5',
dat='17',
ip='216.73.216.45'
mysqli: Table './ulib62015/stathist_viewbib_bib_type' is marked as crashed and should be repaired
insert into stathist_viewbib_bib_type set
dat='17' ,
mon='05' ,
yea='2026' ,
statuid='20260517235438_3821' ,
head='13399121393' ,
foot='marc' ,
dt='1779036878'
| LEADER : 00000nam 2200000uu 4500 |
| 001 13399121393 |
| 003 ULIB |
| 008 160218s||||||||th 000 0 tha d |
| 020 ^a9781437708875
|
| 060 4 ^aW26.5^bH434 2011
|
| 245 00 ^aHealth information :^bmanagement of a strategic resource /^c[edited by] Mervat Abdelhak, Sara Grostick, Mary Alice Hanken
|
| 250 ^a4th ed.
|
| 260 ^aSt. Louis, Mo. :^bSaunders/Elsevier,^cc2011.
|
| 300 ^axix, 740 p. :^bill. ;^c29 cm.
|
| 504 ^aIncludes bibliographical references and index
|
| 650 2 ^aMedical Informatics^xorganization & administration
|
| 650 2 ^aInformation Services^xorganization & administration
|
| 700 1 ^aAbdelhak, Mervat.
|
| 700 0 ^aGrostick, Sara.
|
| 700 0 ^aHanken, Mary Alice
|
| 945 ^p0^l0^i022928 |
| 999 ^a57066
|
| คุณยังไม่ได้ล็อกอิน คุณสามารถมีกิจกรรมร่วมกับเว็บไซต์ได้ แต่ต้องล็อกอินก่อน :: |
|
|
|
| ลำดับที่ |
ประเภท |
เลขเรียก/บาร์โค้ด |
สถานที่ |
สถานะ |
| 1. |
 หนังสือ | W26.5 H434 2011 Barcode: 022928 | หนังสือทั่วไป | บนชั้น ขอยืม |
|
ยังไม่เคยถูกคอมเมนท์
|
| คอมเมนท์ทรัพยากรรายการนี้ |
|